|
|
|
|
| LEADER |
00871nab a2200229 i 4500 |
| 001 |
misc64321 |
| 005 |
20230517142552.0 |
| 008 |
230413s1962 hu o 0|| rus d |
| 040 |
|
|
|a SZTE Miscellanea Repozitórium
|b hun
|
| 041 |
|
|
|a rus
|
| 100 |
1 |
|
|a Rafikov Ahmet Halilovič
|
| 245 |
1 |
0 |
|a Biblioteki Stambula
|h [elektronikus dokumentum] /
|c Rafikov Ahmet Halilovič
|
| 260 |
|
|
|a Izdat. Akademii nauk SSSR
|b [Moskva]
|c 1962
|
| 300 |
|
|
|a 303-315
|c 26 cm
|
| 300 |
|
|
|a [13] p.
|c 26 cm
|
| 490 |
0 |
|
|a Trudy biblioteki Akademii nauk i fundamental'noj biblioteki obŝestvennyh nauk Akademii nauk SSSR
|
| 561 |
|
|
|a Németh Gyula hagyaték
|
| 591 |
|
|
|a NOA 4743
|
| 650 |
|
4 |
|a Bölcsészettudományok
|
| 650 |
|
4 |
|a Történettudomány és régészet
|
| 695 |
|
|
|a Könyvtár - Törökország, Isztambul
|
| 856 |
4 |
0 |
|u http://misc.bibl.u-szeged.hu/64321/1/4743_noa.pdf
|z Dokumentum-elérés
|